maniobra, bahía o el evento coreográfico (Record no. 1456)

MARC details
000 -LEADER
campo de control de longitud fija 00507nam a22001337a 4500
008 - DATOS DE LONGITUD FIJA--INFORMACIÓN GENERAL
campo de control de longitud fija 180523b xxu||||| |||| 00| 0 eng d
082 ## - NÚMERO DE LA CLASIFICACIÓN DECIMAL DEWEY
Número de clasificación 707
Número de ítem P293
100 ## - ENTRADA PRINCIPAL--NOMBRE DE PERSONA
Nombre de persona Pastrana Santiago, Nibia
9 (RLIN) 6304
245 ## - MENCIÓN DEL TÍTULO
Título maniobra, bahía o el evento coreográfico
260 ## - PUBLICACIÓN, DISTRIBUCIÓN, ETC.
Lugar de publicación, distribución, etc. Santurce, Puerto Rico
Nombre del editor, distribuidor, etc. La Impresora
Fecha de publicación, distribución, etc. 2016
300 ## - DESCRIPCIÓN FÍSICA
Extensión 40 p.
Otras características físicas ill (col)
Dimensiones 20.4 cm.
440 ## - MENCIÓN DE SERIE/PUNTO DE ACCESO ADICIONAL--TÍTULO
Título Prácticas
9 (RLIN) 6270
650 ## - PUNTO DE ACCESO ADICIONAL DE MATERIA--TÉRMINO DE MATERIA
Fuente del encabezamiento o término Arte ----contemporáneo
Subdivisión general Arte - investigación
-- Arte - procesos
-- Beta-Local
-- La Práctica 2015-2016
Subdivisión geográfica Puerto Rico
9 (RLIN) 6305
Holdings
Estatus retirado Estado de pérdida Fuente del sistema de clasificación o colocación Estado de daño No para préstamo Biblioteca de origen Biblioteca actual Ubicación en estantería Fecha de adquisición Total de préstamos Signatura topográfica completa Código de barras Visto por última vez Precio de reemplazo Tipo de ítem Koha
    Clasificación Decimal Dewey     Biblioteca LadoV Biblioteca LadoV   24/05/2018   707 P293m 004251 24/05/2018 24/05/2018 Material 01